Stati per densità di popolazione - Statistics

Statistiche generali
  • Questo quiz è stato fatto 128 volte
    64 dall'ultimo reset
  • Il punteggio medio è 9 su 19
Statistiche sulle risposte
Densità (popolazione per km²) Continente Stato % Corretto
18 292 Europa Monaco
94%
531 Europa San Marino
81%
2 118 Europa Città del Vaticano
75%
1 092 Asia Bangladesh
69%
385 Asia India
67%
8 140 Asia Singapore
67%
1 267 Europa Malta
56%
645 Asia Taiwan
52%
496 Asia Corea del Sud
44%
402 Asia Israele
42%
388 Europa Paesi Bassi
40%
488 Oceania Nauru
37%
404 Asia Libano
31%
398 Oceania Isole Marshall
25%
1 147 Asia Maldive
25%
1 682 Asia Bahrein
23%
403 Africa Ruanda
21%
631 Africa Mauritius
15%
636 America Barbados
12%
Nessun quiz corrispondente trovato
Distribuzione punteggi
Percentuale di utenti per punteggio
Percentile per numero di risposta
I tuoi punteggi nel tempo
Non hai fatto questo quiz dall'ultimo reset